00371nam a2200145Ia 4500008004100000020001500041041001200056082001100068100001600079245005800095260003100153300000800184650001600192700001700208221030s9999 xx 000 0 und d a9380097367 aEnglish a105.23 aA. Aggarwal 0aArtificial Intelligencecby A. Aggarwal, S. K. Sharma bVayu Pub.aNew Delhic2010 a239 aBE Computer aS. K. Sharma